00000000nas 2200000zi 4500
0019.905541
003CaOODSP
00520231215073018
006m     o  d f      
007cr |||||||||||
008211201c20209999oncar p o    f0###a0eng|d
022 |a2564-4297
040 |aCaOODSP|beng|erda|cCaOODSP
043 |an-cn---
0861 |aR115-3E-PDF
222 0|aCanada's annual report on fiscal transfers to self-governing indigenous governments ...
24500|aCanada's annual report on fiscal transfers to self-governing Indigenous governments ...
264 1|a[Ottawa] : |bGovernment of Canada = Gouvernment du Canada, |c2021-
310 |aAnnual
336 |atext|btxt|2rdacontent
337 |acomputer|bc|2rdamedia
338 |aonline resource|bcr|2rdacarrier
3621 |aBegan with 2019-2020.
500 |aIssued also in French under title: Rapport annuel du Canada sur les transferts financiers aux gouvernements autochtones autonomes.
550 |aIssued by Crown-Indigenous Relations and Northern Affairs Canada.
588 |aDescription based on: 2019-2020.
588 |aLatest issue consulted: 2019-2020.
650 5|aIntergovernmental fiscal relations|zCanada|vPeriodicals.
650 0|aIndigenous peoples|xPolitics and government|zCanada|vPeriodicals.
655 7|aPeriodicals|2lcgft
7101 |aCanada. |bCrown-Indigenous Relations and Northern Affairs Canada, |eissuing body.
77508|tRapport annuel du Canada sur les transferts financiers aux gouvernements autochtones autonomes ...|w(CaOODSP)9.905543